Denmark Islands Map Quiz - Statistics

General Stats
  • This quiz has been taken 1,758 times
  • The average score is 8 of 13
Answers on the Map
Answers color-coded by a green-red scale on the quiz's map according to % correct below.
 
Answer Stats
Answer % Correct
Zealand
88%
North Jutlandic Island
84%
Bornholm
78%
Funen
68%
Langeland
63%
Lolland
57%
Falster
54%
Rømø
52%
Læsø
50%
Møn
50%
Als
48%
Samsø
48%
Mors
46%
No matching quizzes found
Score Distribution
Percent of People with Each Score
Percentile by Number Answered
Your Score History
You have not taken this quiz